Jueces de paz : (Registro nro. 20363)

Detalles MARC
000 -LEADER
fixed length control field 01270nam a2200289 4500
001 - CONTROL NUMBER
control field 0000014050
003 - CONTROL NUMBER IDENTIFIER
control field CO-CtgCURN
005 - DATE AND TIME OF LATEST TRANSACTION
control field 20250515214424.0
007 - PHYSICAL DESCRIPTION FIXED FIELD--GENERAL INFORMATION
fixed length control field ta
008 - FIXED-LENGTH DATA ELEMENTS--GENERAL INFORMATION
fixed length control field 160627s2002 000 0 eng d
020 ## - INTERNATIONAL STANDARD BOOK NUMBER
International Standard Book Number 9586533018
040 ## - CATALOGING SOURCE
Original cataloging agency CO-CtgCURN
Language of cataloging spa
Transcribing agency coctgcurn
082 0# - DEWEY DECIMAL CLASSIFICATION NUMBER
Classification number 347.014
Item number C17j
100 1# - MAIN ENTRY--PERSONAL NAME
Personal name Cárdenas Torres, Pablo Enrique.
245 10 - TITLE STATEMENT
Title Jueces de paz :
Remainder of title nuevo paradigma de justicia democratica /
Statement of responsibility, etc. Pablo Enrique Cárdenas Torres.
260 ## - PUBLICATION, DISTRIBUTION, ETC.
Place of publication, distribution, etc. Bogotá :
Name of publisher, distributor, etc. Legis,
Date of publication, distribution, etc. 2002.
300 ## - PHYSICAL DESCRIPTION
Extent xi, 242 p.
336 ## - CONTENT TYPE
Source rdacontent
337 ## - MEDIA TYPE
Source rdamedia
Media type term sin mediacion
Media type code n
338 ## - CARRIER TYPE
Source rdacarrier
Carrier type term volumen
Carrier type code nc
504 ## - BIBLIOGRAPHY, ETC. NOTE
Bibliography, etc. note Bibliografia (p. 237-242)
505 8# - FORMATTED CONTENTS NOTE
Formatted contents note Reseña historica.--Justicia.--Equidad.--Consideraciones de la asamblea nacional constituyente.--Tramite de la ley en el Congreso de la Republica.--Percepcion del Gobierno Nacional.--Criterio de la Corte Constitucional.--Globalizacion de la justicia de paz.--Principios rectores de la justicia de paz.--Objeto de la jurisdicción de pa, competenciay cuantia.--De los jueces de paz.--Procedimiento
650 14 - SUBJECT ADDED ENTRY--TOPICAL TERM
Topical term or geographic name entry element Ley 497 de 1999.
908 ## - PUT COMMAND PARAMETER (RLIN)
Put command parameter 160627
942 ## - ADDED ENTRY ELEMENTS (KOHA)
Koha item type Libros
Classification part 347.014
Item part C17j
Source of classification or shelving scheme Dewey Decimal Classification
Suppress in OPAC No
Existencias
Withdrawn status Lost status Source of classification or shelving scheme Damaged status Not for loan Collection Home library Current library Shelving location Date acquired Inventory number Total checkouts Full call number Barcode Date last seen Copy number Price effective from Koha item type Public note
    Dewey Decimal Classification     General Miguel Henríquez Castañeda Miguel Henríquez Castañeda General 03/31/2025 005478   347.014 C17j 005478 03/31/2025 ej.1 03/31/2025 Libros 340-DEREC